La administracin̤ digital Los riesgos de la desintermediacin̤, las escisiones y las centralizaciones /

Bibliographic Details
Main Author: Arenilla Sèz, Manuel
Format: eBook
Language:Spanish
Published: Madrid: Instituto Nacional de Administracin̤ Pb︢lica (INAP), 2021
Subjects:
Online Access:Acceso restringido

MARC

LEADER 00000nam a22000007a 4500
005 20220620170646.0
007 cr|||| ||||
008 220620s2021 es |||||s|||| 00||0 spa d
020 |a 978-84-7351-734-8 
035 |a 36141 
040 |a vLex 
090 |c 13442  |d 13442 
100 1 |a Arenilla Sèz, Manuel 
245 1 2 |a La administracin̤ digital  |h [Recurso electrn̤ico] :  |b Los riesgos de la desintermediacin̤, las escisiones y las centralizaciones /  |c Manuel Arenilla Sèz 
256 |a Servicio en ln̕ea 
260 |a Madrid:  |b Instituto Nacional de Administracin̤ Pb︢lica (INAP),  |c 2021 
300 |a 1 recurso electrn̤ico 
506 1 |a Disponible solo en los productos indicados  |d vLex Global  |d vLex Global (Academic Edition, excluding Law Schools)  |d vLex Global (U.S. Academic Edition, Law Schools)  |d vLex Global (U.S. Academic Edition, excluding Law Schools)  |d vLex Global (Academic Edition, Law Schools) 
650 0 4 |a Derecho Laboral y Seguridad Social  |z Espaą 
650 0 4 |a Derecho Pb︢lico y Administrativo  |z Espaą 
740 0 |a vLex Libros (Servicio en ln̕ea) 
856 4 0 |u https://app.vlex.com/#/sources/36141  |z Acceso restringido 
942 |c BOOK 
999 0 |a Labor Law and Social Security 
999 0 |a Public and Administrative Law